| 000 | 02516cam a2200313 i 4500 | ||
|---|---|---|---|
| 001 | 18098784 | ||
| 003 | Nust- CAS-E | ||
| 005 | 20180118181411.0 | ||
| 008 | 140401s2014 enka b 001 0 eng | ||
| 010 | _a 2014004300 | ||
| 020 | _a9781119973270 (hardback) | ||
| 040 |
_aDLC _beng _cDLC _erda _dDLC |
||
| 042 | _apcc | ||
| 050 | 0 | 0 |
_aTP248.B55 _bT73 2014 |
| 082 | 0 | 0 |
_a662.880. _223 _b662.880 TRA |
| 084 |
_aSCI013000 _2bisacsh |
||
| 245 | 0 | 0 |
_aTransformation of biomass : _btheory to practice / _ceditor, Andreas Hornung. |
| 300 |
_axviii, 350 pages : _billustrations ; _c25 cm |
||
| 502 | _a0 | ||
| 504 | _aIncludes bibliographical references and index. | ||
| 520 | _a"Biomass is a key resource for meeting the energy and material demands of mankind in the future. As a result, businesses and technologies are developing around biomass processing and its applications.Transformation of Biomass: Theory to Practice explores the modern applications of biomass and bio-based residues for the generation of energy, heat and chemical products. The first chapter presents readers with a broad overview of biomass and its composition, conversion routes and products. The following chapters deal with specific technologies, including anaerobic digestion, pyrolysis and gasification, as well as hydrothermal and supercritical conversion. Each chapter details current practises, recent developments, business case models and comprehensive analysis of the problems associated with each approach, and how to optimize them.Topics covered include: Anaerobic digestion Reactor design Pyrolysis Catalysis in biomass transformation Engines for combined heat and power Influence of feedstocks on performance and products Bio-hydrogen from biomass Analysis of bio-oils Numerical simulation and formal kinetic parameters evaluation Business case development This textbook will provide students, researchers and industry professionals with a practical and accessible guide to the essential skills required to advance in the field of bioenergy"-- | ||
| 520 | _a"Transformation of Biomass: Theory to Practice explores the modern applications of biomass and bio-based residues for the generation of energy, heat and chemical products"-- | ||
| 650 | 0 | _aBiomass chemicals. | |
| 650 | 0 | _aBiomass. | |
| 700 | 1 | _aHornung, Andreas. | |
| 906 |
_a7 _bcbc _corignew _d1 _eecip _f20 _gy-gencatlg |
||
| 942 |
_2ddc _cBK |
||
| 999 |
_c355705 _d355705 |
||